India: language, states and Union territories, table C-16 (Record no. 518830)

000 -LEADER
fixed length control field 00304nam a2200097 4500
082 ## - DEWEY DECIMAL CLASSIFICATION NUMBER
Classification number A81x54 )1/1/Pap1/2007/c.2
100 ## - MAIN ENTRY--PERSONAL NAME
Personal name Census of India 2001
9 (RLIN) 28817
245 ## - TITLE STATEMENT
Title India: language, states and Union territories, table C-16
260 ## - PUBLICATION, DISTRIBUTION, ETC. (IMPRINT)
Place of publication, distribution, etc New Delhi
Name of publisher, distributor, etc Office of the Registrar General
Date of publication, distribution, etc 2008
300 ## - PHYSICAL DESCRIPTION
Extent 396p.
Holdings
Withdrawn status Lost status Source of classification or shelving scheme Damaged status Koha normalized classification for sorting Not for loan Permanent location Current location Date acquired Full call number Barcode Date last seen Price effective from Koha item type
        A_81X54_1_1_000000000000000_PAP1_2007_C_2   Indian Institute of Public Administration Indian Institute of Public Administration 2021-11-11 A81x54 )1/1/Pap1/2007/c.2 GG34913 2021-11-11 2021-11-11 GG

Powered by Koha